000 00891nam a22002777a 4500
003 CHAP
005 20220329134029.0
008 971013s1978 co r 00010 spa d
010 _a14353
011 _a15325
035 _a19400
040 _cCHAP
082 0 4 _a338.1016
_bH47
100 0 0 _aHernández de Caldas, Angela
_ecomp.
_953936
245 1 _aBibliografía agroindustrial de Colombia; un catálogo colectivo
260 _aBogotá :
_bEdiciones Tercer Mundo,
_c1978
300 _a222 p.
590 _aBATCH-UPD
_b10
_c20130110
_lUCH01
_h2259
590 _aBATCH-UPD
_b10
_c20130410
_lUCH01
_h1552
590 _aBATCH-UPD
_b10
_c20130914
_lUCH01
_h1636
590 _aCONVERSION
_b10
_c20130109
_lUCH01
_h1309
650 1 4 _aIndustrias agrícolas
_xBibliografía
_xColombia.
_957931
901 _aBK
942 _cLIBRO
949 _a338.1016 H47
_bBC
_cC
_d33724000549515
_eC
_h54848
_i19400
_mD
_si
999 _c14353
_d14353